000 01633cam a2200301 a 4500
005 20260326103533.0
008 840105s1984 enkaf b 001 0 eng
020 _a0704339242 (pbk.) :
020 _a9780704339248
082 0 0 _a306.7 WAR
100 1 _aWard, Elizabeth,
245 1 0 _aFather-daughter rape /
_cElizabeth Ward.
260 _aLondon :
_bWomen's Press,
_c1984.
300 _a247 p. :
_bill. ;
_c20 cm.
490 1 _aPolitics, women's studies
500 _aIncludes index.
504 _aBibliography: p. 217-241.
505 _aContents: I. EXPOSITION-Experience-1 1. Naming-3 2. Hearing-5 3. Sonia's Story-6 4. Jude's Story-15 5. Kim's Story-24 6. Ann's Story-30 7. Vera's Story-44 8. Cathy's Story-49 9. Virginia's Story-50 10. Marge's Story-59 11. Lynette's Story-66 II BRIDGE PASSAGE 1. It Could Have Been Me-77 2. Freud and the Legacy of Mind-binding-100 3. The Fathers-Forgiven and Forgotten-118 4. The Daughters-Labelled and Libelled-138 5. The Mothers-Bound and Blamed-161 6. The Sons-Oedipus, the Boy and the Man-180 7. The Family-A Man's Home is His Castle-192 III. CODA-203 Notes-215 Bibliography-227 Index-240
650 0 _aIncest
_zAustralia
_xCase studies.
650 0 _aChild sexual abuse
_zAustralia
_xCase studies.
650 0 _aRape
_zAustralia
_xCase studies.
650 0 _aFathers and daughters
_zAustralia
_xCase studies.
650 0 _aRape victims
_zAustralia
_xInterviews.
830 0 _aWomen's studies politics.
906 _a7
_bcbc
_corignew
_d3
_encip
_f19
_gy-gencatlg
942 _2ddc
_cBK
999 _c12257
_d12257